[Event "AUTO-MASTER-524"]
[Site "http://www.queenalice.com/game.php?id=403242"]
[Date "2008.5.15"]
[Round "1"]
[White "Artking"]
[Black "fcgar"]
[Result "0-1"]
[WhiteElo "1863"]
[BlackElo "2117"]

1. e4 Nf6 2. e5 Nd5 3. d4 d6 4. f4 Bf5 5. Nf3 Nb4 6. Na3 dxe5 7. Nxe5 e6 8. c3
Nd5 9. g4 Qh4+ 10. Kd2 Be4 11. Nf3 Qf2+ 12. Qe2 Qxf3 13. Qxf3 Bxf3 14. Rg1 Bd6
15. Kd3 Nxf4+ 16. Ke3 Bc6 17. b3 Nd5+ 18. Kf2 Nxc3 19. h4 Bh2 20. Rg2 Bxg2 21.
Bxg2 c6 22. Bd2 Nd5 23. Nc4 Nd7 24. Re1 O-O 25. Ne3 Nxe3 26. Bxe3 Nf6 27. Bf3
Rad8 28. h5 Nd5 0-1

[Event "AUTO-MASTER-524"]
[Site "http://www.queenalice.com/game.php?id=403243"]
[Date "2008.5.15"]
[Round "1"]
[White "fcgar"]
[Black "Artking"]
[Result "1-0"]
[WhiteElo "2120"]
[BlackElo "1942"]

1. c4 Nf6 2. Nc3 g6 3. g3 Bg7 4. Bg2 O-O 5. Nf3 d6 6. O-O c6 7. d4 Nbd7 8. e4 e5
9. h3 a6 10. Be3 Qe8 11. Re1 Nh5 12. Qd2 f5 13. exf5 gxf5 14. Bh6 e4 15. Bxg7
Kxg7 16. g4 fxg4 17. Rxe4 Ne5 18. hxg4 Nxf3+ 19. Bxf3 Qg6 20. Qe2 Nf4 21. Qe3
Nh3+ 22. Kh2 Ng5 23. Re7+ Kh8 24. Be2 Qh6+ 25. Kg2 Qf6 26. Rh1 Be6 27. Rxb7 Rae8
28. Qg3 Qxd4 29. Qh4 Bg8 30. Rd1 Qf4 31. Qg3 d5 32. Qxf4 Rxf4 33. cxd5 cxd5 34.
Nxd5 Ne6 35. b3 Rf7 36. Rxf7 Bxf7 37. Bxa6 Ra8 38. Nb4 Nf4+ 39. Kf3 Ng6 40. Kg3
Rb8 41. Rd4 Kg7 42. Bd3 Ne5 43. Be4 Be6 44. f4 Nf7 45. Nd3 Rb6 46. Nc5 Bc8 47.
a4 Nd6 48. a5 Nxe4+ 49. Rxe4 Kf6 50. axb6 1-0

[Event "AUTO-MASTER-524"]
[Site "http://www.queenalice.com/game.php?id=403254"]
[Date "2008.5.15"]
[Round "1"]
[White "razoman"]
[Black "fcgar"]
[Result "0-1"]
[WhiteElo "1936"]
[BlackElo "2121"]

1. e4 Nf6 2. e5 Nd5 3. Nf3 d6 4. c4 Nb6 5. c5 dxc5 6. Nc3 Bf5 7. d3 Nc6 8. Be2
Nb4 9. Ne4 c4 10. Nc5 cxd3 11. Bxd3 Nxd3+ 12. Nxd3 Qxd3 13. Qxd3 Bxd3 14. Be3 e6
15. O-O-O Be4 16. Rd4 Bxf3 17. gxf3 Bc5 18. Rg4 Bxe3+ 19. fxe3 g6 20. Rd1 Ke7
21. a3 Rad8 22. Rgd4 Rd5 23. f4 Rhd8 24. Rxd5 Rxd5 25. e4 Rxd1+ 26. Kxd1 Na4 27.
Kc2 Nc5 28. b4 Nxe4 29. Kd3 Nf2+ 30. Ke2 Ng4 31. h3 Nh6 32. Kd3 Nf5 33. b5 Kd7
34. a4 c5 35. bxc6+ Kxc6 36. Ke4 Kc5 0-1

[Event "AUTO-MASTER-524"]
[Site "http://www.queenalice.com/game.php?id=403255"]
[Date "2008.5.15"]
[Round "1"]
[White "fcgar"]
[Black "razoman"]
[Result "1-0"]
[WhiteElo "2110"]
[BlackElo "1944"]

1. c4 g6 2. Nc3 Bg7 3. g3 Nf6 4. Bg2 O-O 5. Nf3 c6 6. e4 d6 7. d4 Bg4 8. h3 Bxf3
9. Qxf3 Nbd7 10. Be3 e5 11. Rd1 Qb6 12. Qe2 c5 13. dxc5 Nxc5 14. a3 Qb3 15. Rxd6
Rad8 16. Bxc5 Rxd6 17. Bxd6 Re8 18. O-O Nd7 19. Nd5 Re6 20. Bb4 b6 21. Rd1 Nf6
22. Ne7+ Rxe7 23. Bxe7 Qa4 24. b3 Qc6 25. Rd6 1-0

[Event "AUTO-MASTER-524"]
[Site "http://www.queenalice.com/game.php?id=403260"]
[Date "2008.5.15"]
[Round "1"]
[White "Lightningzap007"]
[Black "fcgar"]
[Result "0-1"]
[WhiteElo "1692"]
[BlackElo "2127"]

1. e4 Nf6 2. e5 Nd5 3. d4 d6 4. Nf3 g6 5. Be2 Bg7 6. O-O Nc6 7. c4 Nb6 8. exd6
cxd6 9. Nc3 O-O 10. Be3 Bg4 11. b3 d5 12. c5 Nc8 13. h3 Bf5 14. Bd3 Qd7 15. Qd2
Nb4 16. Bxf5 Qxf5 17. Bh6 e6 18. Bxg7 Kxg7 19. Rad1 a5 20. Ne5 Ne7 21. g4 Qf6
22. Nd7 Qf3 23. Nxf8 Qxh3 24. f3 Rxf8 0-1

[Event "AUTO-MASTER-524"]
[Site "http://www.queenalice.com/game.php?id=403261"]
[Date "2008.5.15"]
[Round "1"]
[White "fcgar"]
[Black "Lightningzap007"]
[Result "1-0"]
[WhiteElo "2128"]
[BlackElo "1690"]

1. c4 e5 2. Nc3 Nf6 3. g3 d5 4. cxd5 Nxd5 5. Bg2 Be6 6. Nf3 Nc6 7. O-O Bc5 8. d3
O-O 9. Ng5 Nxc3 10. bxc3 Bd5 11. e4 Be6 12. Qh5 h6 13. Nxe6 fxe6 14. d4 Bd6 15.
Bh3 Qf6 16. d5 exd5 17. exd5 Ne7 18. Bg2 Qf7 19. Qd1 Qf6 20. Rb1 b6 21. c4 Rad8
22. Bb2 Bc5 23. Qe2 c6 24. Bxe5 Qf7 25. dxc6 Ng6 26. Bc3 Kh8 27. Qh5 Kh7 28. Be4
Rde8 29. Bd3 Bxf2+ 30. Kg2 1-0

[Event "CLM PLaychess"]
[Site "http://www.queenalice.com/game.php?id=403618"]
[Date "2008.5.15"]
[Round "-"]
[White "CesarLMarques"]
[Black "fcgar"]
[Result "1-0"]
[WhiteElo "2307"]
[BlackElo "2140"]

1. d4 Nf6 2. c4 e6 3. Nc3 d5 4. Bg5 Be7 5. Nf3 O-O 6. e3 c6 7. Qc2 h6 8. Bf4
Nbd7 9. cxd5 exd5 10. Bd3 b6 11. O-O Bb7 12. h3 c5 13. Bf5 a6 14. Rae1 Re8 15.
a3 c4 16. e4 dxe4 17. Nxe4 Nxe4 18. Bxe4 Bxe4 19. Qxe4 Nf6 20. Qb7 b5 21. Re2
Bf8 22. Rxe8 Qxe8 23. Ne5 Rb8 24. Qxa6 Ra8 25. Qb7 Rb8 26. Qxf7+ Qxf7 27. Nxf7
Re8 28. Ne5 Nd5 29. Bd2 b4 30. axb4 Bxb4 31. Bxb4 Nxb4 32. Rd1 Rc8 33. Rc1 Rd8
34. Rxc4 Nd5 35. Nc6 Re8 36. Rc5 Nf4 37. Re5 1-0

[Event "CLM PLaychess"]
[Site "http://www.queenalice.com/game.php?id=403621"]
[Date "2008.5.15"]
[Round "-"]
[White "fcgar"]
[Black "CesarLMarques"]
[Result "0-1"]
[WhiteElo "2123"]
[BlackElo "2318"]

1. c4 e6 2. Nc3 Bb4 3. g3 d5 4. cxd5 exd5 5. Bg2 Nf6 6. a3 Ba5 7. b4 Bb6 8. d4
O-O 9. Nf3 a5 10. b5 c6 11. a4 Ne4 12. Qb3 Nxc3 13. Qxc3 Re8 14. e3 cxb5 15.
axb5 Bf5 16. O-O Nd7 17. Qb3 Nf6 18. Ne5 Rc8 19. Ra2 Bc7 20. Bd2 b6 21. Nd3 Bd6
22. Rc1 Rxc1+ 23. Bxc1 Qe7 24. Nb2 Rc8 25. Ra1 Bc2 26. Qa2 Be4 27. f3 Bxf3 28.
Bxf3 Rxc1+ 29. Nd1 Qxe3+ 30. Kg2 Rxa1 31. Qxa1 Qd2+ 32. Kg1 Qe1+ 33. Kg2 Ne4 34.
Qc1 Nd2 0-1

[Event "Challenge"]
[Site "http://www.queenalice.com/game.php?id=407900"]
[Date "2008.5.25"]
[Round "-"]
[White "fcgar"]
[Black "emredostmetu"]
[Result "0-1"]
[WhiteElo "2127"]
[BlackElo "2300"]

1. c4 e5 2. Nc3 Nc6 3. Nf3 Nf6 4. g3 d5 5. cxd5 Nxd5 6. Bg2 Nxc3 7. bxc3 e4 8.
Ng1 f5 9. d4 Be7 10. Qb3 Na5 11. Qa4+ c6 12. e3 b5 13. Qc2 Be6 14. Ne2 O-O 15.
O-O Bc4 16. Rd1 Qe8 17. a4 Bb3 18. Qd2 bxa4 19. Nf4 g5 20. Nh3 Qh5 21. Re1 Nc4
22. Qe2 Qxe2 23. Rxe2 Rab8 24. Re1 a3 25. Bf1 Nb2 26. Kg2 a5 27. Re2 Bf7 28. Rc2
Nd3 29. Bxd3 exd3 30. Rd2 a2 31. Rdxa2 Bxa2 32. Rxa2 Rb1 33. Bd2 Rfb8 0-1

[Event "AUTO-MASTER-524"]
[Site "http://www.queenalice.com/game.php?id=490834"]
[Date "2008.11.9"]
[Round "2"]
[White "Botvinnik_Mikhail"]
[Black "fcgar"]
[Result "0-1"]
[WhiteElo "2104"]
[BlackElo "2117"]

1. c4 e6 2. Nf3 d5 3. d4 Nf6 4. g3 dxc4 5. Bg2 Be7 6. O-O O-O 7. Qc2 a6 8. a4
Bd7 9. Qxc4 Bc6 10. Bg5 Bd5 0-1

[Event "AUTO-MASTER-763"]
[Site "http://www.queenalice.com/game.php?id=557124"]
[Date "2009.3.17"]
[Round "1"]
[White "Cleverton1990"]
[Black "fcgar"]
[Result "0-1"]
[WhiteElo "1694"]
[BlackElo "2090"]

1. d4 Nf6 2. c4 e6 3. Nf3 d5 4. e3 Be7 5. Bd3 O-O 6. O-O c6 7. Nc3 Nbd7 8. b3
Re8 9. Bb2 Bd6 10. Rc1 e5 11. dxe5 Nxe5 12. Nxe5 Bxe5 0-1

[Event "AUTO-MASTER-763"]
[Site "http://www.queenalice.com/game.php?id=557125"]
[Date "2009.3.17"]
[Round "1"]
[White "fcgar"]
[Black "Cleverton1990"]
[Result "1-0"]
[WhiteElo "2088"]
[BlackElo "1696"]

1. c4 c5 2. Nc3 Nc6 3. Nf3 Nf6 4. g3 e6 5. Bg2 Be7 6. O-O O-O 7. d4 cxd4 8. Nxd4
a6 9. e4 d5 10. exd5 exd5 11. cxd5 Nxd4 12. Qxd4 1-0

[Event "Let's Play Chess!"]
[Site "http://www.queenalice.com/game.php?id=1085073"]
[Date "2012.7.21"]
[Round "-"]
[White "fcgar"]
[Black "fortunato"]
[Result "0-1"]
[WhiteElo "2034"]
[BlackElo "2298"]

1. c4 Nc6 2. d4 e6 3. Nc3 d5 4. Nf3 Nf6 5. Bg5 Be7 6. e3 O-O 7. a3 a6 8. Bd3
dxc4 9. Bxc4 b5 10. Ba2 h6 11. Bh4 b4 12. axb4 Nxb4 13. Bc4 Nbd5 14. O-O Nxc3
15. bxc3 a5 16. Ne5 Bb7 17. f3 Nd5 18. Bxe7 Qxe7 0-1